000 00570nam a2200217Ia 4500
003 OSt
005 20221007082918.0
006 a|||||r|||| 00| 0
007 ta
008 221006b |||||||| |||| 00| 0 eng d
024 _a40,469
037 _cDissertations
040 _aFLL
_cFLL
_beng
041 _2eng
_aeng
100 _aOguta Akway Obuthi
_9699810
245 0 _aSustainable development
_b international measures for achievement
260 _c2003
300 _ad.p.
_ccm.
942 _cDIS
_2CC
999 _c1168168
_d1168168